[Event "COL-ch sf"]
[Site "Pereira"]
[Date "2024.03.29"]
[Round "7"]
[White "Carrillo Parra, Miguel Alfredo"]
[Black "Montoya Echeverri, Sebastian"]
[Result "1-0"]
[WhiteElo "2261"]
[BlackElo "1955"]
[PlyCount "93"]
[EventDate "2024.03.26"]
[EventType "swiss"]
[EventRounds "11"]
[EventCountry "COL"]
[SourceTitle "CB14_2024"]
[SourceDate "2024.04.01"]
[SourceVersion "1"]
[SourceVersionDate "2024.04.01"]
[SourceQuality "1"]

1. e4 d6 2. d4 Nf6 3. Nc3 g6 4. f4 Bg7 5. Nf3 0-0 6. Bd3 Na6 7. e5 dxe5 8. fxe5 Nd5 9. Nxd5 Qxd5 10. Qe2 Bg4 11. Be4 Bxf3 12. Bxd5 Bxe2 13. Kxe2 c6 14. Bc4 b5 15. Bd3 Nb4 16. a4 Rfd8 17. Be3 f6 18. exf6 Bxf6 19. Be4 Bxd4 20. axb5 Bxe3 21. Kxe3 cxb5 22. Bxa8 Nxc2+ 23. Ke4 Nxa1 24. Bd5+ Rxd5 25. Kxd5 Nb3 26. Rd1 a5 27. Kc6 b4 28. Kb5 e5 29. Ka4 Nd4 30. Kxa5 b3 31. Rxd4 exd4 32. Kb4 Kf7 33. Kc4 Ke6 34. Kxd4 Kf5 35. Kc3 g5 36. Kxb3 Kf4 37. Kc4 g4 38. b4 g3 39. hxg3+ Kxg3 40. b5 h5 41. b6 h4 42. b7 Kxg2 43. b8Q h3 44. Qg8+ Kh1 45. Qd5+ Kg1 46. Qd1+ Kg2 47. Qg4+ 1-0

[Event "COL-ch sf"]
[Site "Pereira"]
[Date "2024.03.27"]
[Round "3"]
[White "Carrillo Parra, Miguel Alfredo"]
[Black "Gonzalez Zapata, Julian David"]
[Result "1-0"]
[WhiteElo "2261"]
[BlackElo "1939"]
[PlyCount "71"]
[EventDate "2024.03.26"]
[EventType "swiss"]
[EventRounds "11"]
[EventCountry "COL"]
[SourceTitle "CB14_2024"]
[SourceDate "2024.04.01"]
[SourceVersion "1"]
[SourceVersionDate "2024.04.01"]
[SourceQuality "1"]

1. d4 Nf6 2. c4 e6 3. Nc3 Bb4 4. e3 c5 5. Nge2 cxd4 6. exd4 d5 7. a3 Be7 8. c5 a5 9. Na4 Nc6 10. Bf4 Nd7 11. Nec3 b6 12. cxb6 Nxb6 13. Nb5 e5 14. dxe5 0-0 15. Be2 Ba6 16. Rc1 Nc4 17. Nd4 N6xe5 18. 0-0 Bf6 19. b3 Nxa3 20. Bxa6 Rxa6 21. Qe2 Ng6 22. Qxa6 Nxf4 23. Ne2 Nxe2+ 24. Qxe2 Qb8 25. Qd3 Rd8 26. Rc5 Be5 27. g3 g6 28. Re1 Bf6 29. Rxd5 Rc8 30. Rd7 Nc2 31. Qd5 Rf8 32. Rd1 Qb4 33. Qc6 Qxb3 34. Qxf6 Qxa4 35. Rxf7 Qb4 36. Qg7# 1-0

[Event "Barranquilla Carnaval Cup"]
[Site "Barranquilla"]
[Date "2024.02.04"]
[Round "3"]
[White "Carrillo Parra, Miguel Alfredo"]
[Black "Duran Barraza, Mateo Andres"]
[Result "1-0"]
[WhiteElo "2254"]
[BlackElo "1966"]
[PlyCount "87"]
[EventDate "2024.02.03"]
[EventType "swiss"]
[EventRounds "9"]
[EventCountry "COL"]
[SourceTitle "CB07_2024"]
[SourceDate "2024.02.14"]
[SourceVersion "1"]
[SourceVersionDate "2024.02.14"]
[SourceQuality "1"]

1. d4 Nf6 2. c4 e6 3. Nc3 Bb4 4. e3 c5 5. Nf3 Bxc3+ 6. bxc3 d5 7. Bd3 Qc7 8. Qe2 0-0 9. 0-0 Nbd7 10. cxd5 exd5 11. Bb2 c4 12. Bc2 Re8 13. Nd2 Nb6 14. f3 Bd7 15. a4 a5 16. e4 Nh5 17. f4 g6 18. e5 Ng7 19. Qf2 Qd8 20. Nf3 Bf5 21. Bxf5 Nxf5 22. g4 Ng7 23. Nh4 Qd7 24. f5 Nxa4 25. e6 fxe6 26. f6 Rf8 27. Rxa4 Qxa4 28. f7+ Kh8 29. Nxg6+ hxg6 30. Qh4+ Nh5 31. gxh5 g5 32. Qf2 Kh7 33. Ba3 Qxa3 34. Qc2+ Kh8 35. Qg6 Rxf7 36. Qxf7 Qxc3 37. Qf6+ Kh7 38. Qg6+ Kh8 39. Qh6+ Kg8 40. Qxe6+ Kh8 41. Qe5+ Kg8 42. Qxd5+ Kh8 43. Qe5+ Kg8 44. h6 1-0

[Event "Barranquilla Carnaval Cup"]
[Site "Barranquilla"]
[Date "2024.02.03"]
[Round "2"]
[White "Carvajal Barreto, Misael Camilo"]
[Black "Carrillo Parra, Miguel Alfredo"]
[Result "0-1"]
[WhiteElo "1780"]
[BlackElo "2254"]
[PlyCount "56"]
[EventDate "2024.02.03"]
[EventType "swiss"]
[EventRounds "9"]
[EventCountry "COL"]
[SourceTitle "CB07_2024"]
[SourceDate "2024.02.14"]
[SourceVersion "1"]
[SourceVersionDate "2024.02.14"]
[SourceQuality "1"]

1. d4 Nf6 2. Bf4 g6 3. Nf3 Bg7 4. Nbd2 0-0 5. e4 d6 6. Bc4 Nc6 7. c3 Qe8 8. d5 e5 9. Bg3 Ne7 10. Qe2 Nh5 11. 0-0-0 Rb8 12. b4 c6 13. dxc6 Qxc6 14. Kb2 b5 15. Bd5 Nxd5 16. exd5 Qc7 17. Nb3 Bd7 18. Qd2 f5 19. h4 Nf6 20. Ng5 h6 21. Ne6 Bxe6 22. dxe6 Ne4 23. Qd3 Rbc8 24. Rc1 Qc4 25. Rhd1 f4 26. Qxc4 bxc4 27. Na5 fxg3 28. f3 Nf2 0-1

[Event "Medellin de La Raza op"]
[Site "Medellin"]
[Date "2023.10.16"]
[Round "9"]
[White "Carrillo Parra, Miguel Alfredo"]
[Black "Hernandez Jimenez, Jeronimo"]
[Result "1-0"]
[WhiteElo "2231"]
[BlackElo "2135"]
[PlyCount "95"]
[EventDate "2023.10.12"]
[EventType "swiss"]
[EventRounds "10"]
[EventCountry "COL"]
[SourceTitle "Mega2024 Update 01"]
[Source "Chessbase"]
[SourceDate "2023.11.12"]
[SourceVersion "1"]
[SourceVersionDate "2023.11.12"]
[SourceQuality "1"]

1. Nf3 d5 2. c4 e6 3. e3 Nf6 4. b3 c5 5. Bb2 Nc6 6. d3 Be7 7. Nbd2 d4 8. exd4 cxd4 9. a3 a5 10. g3 e5 11. Bg2 Bf5 12. Qc2 Nd7 13. 0-0 Nc5 14. Ne1 0-0 15. Ne4 Bxe4 16. Bxe4 Qb6 17. Nf3 Qxb3 18. Qxb3 Nxb3 19. Rad1 Bf6 20. Rfe1 Rfe8 21. g4 h6 22. h4 g6 23. Re2 Nc5 24. Rde1 Rad8 25. g5 hxg5 26. hxg5 Bg7 27. Rb1 a4 28. Bc1 Nb3 29. Nd2 Nxc1 30. Rxc1 Bf8 31. Rb1 Na5 32. Rb5 Ra8 33. Nf3 Bd6 34. Bd5 Ra7 35. c5 Bc7 36. Reb2 Re7 37. Nd2 Bd8 38. Ne4 Rc7 39. R2b4 Nb3 40. c6 b6 41. Rxb6 Be7 42. Nf6+ Bxf6 43. gxf6 Rc8 44. Rb8 Rxb8 45. Rxb8+ Kh7 46. Rb7 Ra5 47. Rxf7+ Kh6 48. c7 1-0

[Event "Medellin de La Raza op"]
[Site "Medellin"]
[Date "2023.10.15"]
[Round "7"]
[White "Carrillo Parra, Miguel Alfredo"]
[Black "Claverie, Raul Ricardo"]
[Result "1-0"]
[WhiteElo "2231"]
[BlackElo "2399"]
[PlyCount "80"]
[EventDate "2023.10.12"]
[EventType "swiss"]
[EventRounds "10"]
[EventCountry "COL"]
[SourceTitle "Mega2024 Update 01"]
[Source "Chessbase"]
[SourceDate "2023.11.12"]
[SourceVersion "1"]
[SourceVersionDate "2023.11.12"]
[SourceQuality "1"]

1. d4 f5 2. Nf3 Nf6 3. g3 e6 4. Bg2 d5 5. 0-0 c6 6. b3 Bd6 7. c4 Qe7 8. Bf4 Bxf4 9. gxf4 0-0 10. Nbd2 Ne4 11. e3 Nd7 12. Rc1 Rf6 13. Ne5 Rh6 14. Nxe4 fxe4 15. f3 Qh4 16. Ng4 Rg6 17. Kh1 Qh5 18. Ne5 Rh6 19. h3 exf3 20. Qxf3 Nxe5 21. fxe5 Bd7 22. Qf4 Qg6 23. Kh2 Rh5 24. e4 h6 25. Bf3 dxe4 26. Bxh5 Qxh5 27. Rc2 Rd8 28. Rg2 g5 29. Qf6 Re8 30. Rg4 c5 31. dxc5 e3 32. Qf3 Bc6 33. Qxe3 Rd8 34. Rfg1 Kh7 35. b4 a6 36. a4 Rf8 37. R4g3 Rf4 38. Qxf4 Qe2+ 39. R3g2 Bxg2 40. Rxg2 Kg7 1-0

[Event "Medellin de La Raza op"]
[Site "Medellin"]
[Date "2023.10.14"]
[Round "5"]
[White "Zapata Montoya, Andres Geronimo"]
[Black "Carrillo Parra, Miguel Alfredo"]
[Result "0-1"]
[WhiteElo "2092"]
[BlackElo "2231"]
[PlyCount "160"]
[EventDate "2023.10.12"]
[EventType "swiss"]
[EventRounds "10"]
[EventCountry "COL"]
[SourceTitle "Mega2024 Update 01"]
[Source "Chessbase"]
[SourceDate "2023.11.12"]
[SourceVersion "1"]
[SourceVersionDate "2023.11.12"]
[SourceQuality "1"]

1. e4 e5 2. Nf3 Nc6 3. Bc4 Nf6 4. d3 h6 5. 0-0 d6 6. c3 g5 7. Nbd2 Bg7 8. Bb3 0-0 9. Nc4 Re8 10. Ne3 Be6 11. h4 g4 12. Nh2 h5 13. Re1 d5 14. exd5 Nxd5 15. Nxd5 Bxd5 16. Bg5 Qd6 17. Nf1 f6 18. Bd2 Bxb3 19. Qxb3+ Qe6 20. Ng3 Qxb3 21. axb3 Rad8 22. Nxh5 Rxd3 23. Be3 f5 24. Bg5 Kf7 25. b4 a6 26. Rad1 Rd6 27. Kf1 Bh8 28. f3 gxf3 29. gxf3 f4 30. Rxd6 cxd6 31. Kg2 Ne7 32. Bxe7 Rxe7 33. Kh3 Rd7 34. Kg4 Kg6 35. Rd1 d5 36. Rd2 Rd8 37. Rd1 Bf6 38. Rd2 Be7 39. Re2 Bd6 40. Rd2 Bc7 41. Rd1 Rh8 42. Nxf4+ exf4 43. Rxd5 Kf6 44. Rf5+ Ke6 45. Rg5 Bd8 46. Rg6+ Kf7 47. h5 Bf6 48. Kxf4 Rxh5 49. Rg2 Be5+ 50. Ke4 Rh2 51. Rxh2 Bxh2 52. Kd5 Ke7 53. b5 a5 54. c4 Kd7 55. c5 Kc7 56. b3 Bg3 57. Ke6 Bf4 58. Kd5 Be3 59. Kc4 Bh6 60. Kd5 Bd2 61. Ke6 Bf4 62. Kd5 Bh2 63. Ke6 Bg3 64. Kd5 Kd7 65. c6+ Kc7 66. Kc4 Bd6 67. Kd5 bxc6+ 68. bxc6 Bb4 69. f4 Bf8 70. f5 Bb4 71. f6 Bf8 72. f7 Bb4 73. Kd4 Kxc6 74. Kc4 Bc5 75. Kc3 Kb5 76. Kb2 Kb4 77. Kc2 Bf8 78. Kb2 Bh6 79. Ka2 Bg7 80. f8N Bxf8 0-1

[Event "Medellin de La Raza op"]
[Site "Medellin"]
[Date "2023.10.13"]
[Round "4"]
[White "Carrillo Parra, Miguel Alfredo"]
[Black "Gonzalez Mojica, Renan Arturo"]
[Result "1-0"]
[WhiteElo "2231"]
[BlackElo "1978"]
[PlyCount "117"]
[EventDate "2023.10.12"]
[EventType "swiss"]
[EventRounds "10"]
[EventCountry "COL"]
[SourceTitle "Mega2024 Update 01"]
[Source "Chessbase"]
[SourceDate "2023.11.12"]
[SourceVersion "1"]
[SourceVersionDate "2023.11.12"]
[SourceQuality "1"]

1. e4 d6 2. d4 Nf6 3. Nc3 g6 4. f4 Bg7 5. Nf3 0-0 6. Bd3 Nc6 7. e5 dxe5 8. fxe5 Nh5 9. Ne2 Bg4 10. Be3 f6 11. exf6 Nxf6 12. Qd2 Bxf3 13. gxf3 e5 14. Bc4+ Kh8 15. 0-0-0 exd4 16. Nxd4 Nxd4 17. Bxd4 c5 18. Be5 Qxd2+ 19. Rxd2 Rad8 20. Re2 Nd5 21. Rd1 Nb6 22. Bd3 Rxf3 23. Bxg7+ Kxg7 24. Re7+ Kh6 25. Rxb7 Rd7 26. Rxd7 Nxd7 27. Bxg6 hxg6 28. Rxd7 Rf2 29. h3 Rh2 30. Rxa7 Rxh3 31. Rc7 g5 32. Rc6+ Kg7 33. Rxc5 Kf6 34. Rc6+ Kf5 35. b4 g4 36. Rc8 g3 37. Rg8 Rh4 38. Rxg3 Rxb4 39. Re3 Rb8 40. a4 Ra8 41. Ra3 Ke4 42. a5 Ra6 43. Kb2 Kd4 44. Kb3 Kc5 45. Ka4 Kc4 46. Rh3 Rg6 47. Rh8 Rc6 48. Rb8 Kd5 49. Rb5+ Kd4 50. Rb2 Kc4 51. Rb6 Rc8 52. a6 Kc5 53. Ka5 Ra8 54. Rb7 Kc6 55. Rb3 Rh8 56. a7 Kc7 57. Rb8 Rh5+ 58. Ka4 Rh4+ 59. Kb3 1-0

[Event "COL-ch"]
[Site "Cartagena"]
[Date "2023.06.11"]
[Round "8"]
[White "Carrillo Parra, Miguel Alfredo"]
[Black "Barrientos Chavarriaga, Sergio E"]
[Result "0-1"]
[WhiteElo "2244"]
[BlackElo "2475"]
[PlyCount "78"]
[EventDate "2023.06.08"]
[EventType "swiss"]
[EventRounds "9"]
[EventCountry "COL"]
[SourceTitle "CBM 215 Extra"]
[Source "ChessBase"]
[SourceDate "2023.09.30"]
[SourceVersion "1"]
[SourceVersionDate "2023.09.30"]
[SourceQuality "1"]

1. d4 Nf6 2. c4 e6 3. Nf3 b6 4. a3 Ba6 5. Qc2 Bb7 6. Nc3 c5 7. e4 cxd4 8. Nxd4 d6 9. Be2 Nbd7 10. 0-0 Be7 11. f4 Rc8 12. b4 0-0 13. Bb2 a6 14. f5 e5 15. Nb3 b5 16. cxb5 Bxe4 17. Bd3 Qb6+ 18. Kh1 Bxd3 19. Qxd3 axb5 20. Nxb5 d5 21. Nc3 d4 22. Ne4 Qc6 23. Nxf6+ Bxf6 24. Rfc1 Qd5 25. Nd2 Bg5 26. Rxc8 Rxc8 27. Ne4 Be3 28. a4 Nf6 29. Nxf6+ gxf6 30. a5 e4 31. Qe2 Qb3 32. a6 Qxb4 33. h4 h5 34. a7 Ra8 35. Qc2 Rxa7 36. Rb1 d3 37. Qc8+ Kh7 38. Bxf6 Qxb1+ 39. Kh2 Bf4+ 0-1

[Event "COL-ch"]
[Site "Cartagena"]
[Date "2023.06.11"]
[Round "7"]
[White "Corredor Rengifo, Luis Fernando"]
[Black "Carrillo Parra, Miguel Alfredo"]
[Result "1/2-1/2"]
[WhiteElo "2140"]
[BlackElo "2244"]
[PlyCount "137"]
[EventDate "2023.06.08"]
[EventType "swiss"]
[EventRounds "9"]
[EventCountry "COL"]
[SourceTitle "CBM 215 Extra"]
[Source "ChessBase"]
[SourceDate "2023.09.30"]
[SourceVersion "1"]
[SourceVersionDate "2023.09.30"]
[SourceQuality "1"]

1. d4 d5 2. c4 e6 3. Nc3 c6 4. e4 dxe4 5. Nxe4 Bb4+ 6. Nc3 c5 7. a3 Ba5 8. Be3 Nf6 9. Nge2 cxd4 10. Qxd4 Qxd4 11. Bxd4 Nc6 12. Bc5 Ne5 13. 0-0-0 Bd7 14. b3 a6 15. Bd4 Bc7 16. f4 Ng6 17. f5 Ne5 18. Ng3 0-0 19. fxe6 Bxe6 20. Be2 b5 21. Nd5 Bxd5 22. cxd5 Rac8 23. Kb1 Ned7 24. d6 Bb6 25. Bb2 Rfe8 26. Bf3 Rb8 27. Nf5 Kf8 28. Bc6 Re2 29. Bxd7 Nxd7 30. Bxg7+ Kg8 31. Bb2 Rbe8 32. Rhf1 R8e6 33. Rc1 f6 34. Nh6+ Kg7 35. Nf5+ Kf7 36. g4 Rxh2 37. Rce1 Rhe2 38. Rxe2 Rxe2 39. g5 Rf2 40. Rxf2 Bxf2 41. gxf6 h5 42. Kc2 Nxf6 43. Kd3 Nd7 44. Ke2 Bc5 45. Kf3 Bb6 46. Kf4 Ke6 47. b4 Bd8 48. Bd4 h4 49. Kg4 h3 50. Ng7+ Kxd6 51. Kxh3 Kd5 52. Be3 Bf6 53. Ne8 Be5 54. Bh6 Kc4 55. Kg4 Kb3 56. Kf5 Bg3 57. Bc1 Nb6 58. Nf6 Kc2 59. Bh6 Kb3 60. Ne4 Be1 61. Nc5+ Kxa3 62. Nxa6 Nd5 63. Ke4 Nc3+ 64. Kd4 Na2 65. Kc5 Ka4 66. Nc7 Bf2+ 67. Kd5 Nxb4+ 68. Ke4 Nc6 69. Nxb5 1/2-1/2

[Event "COL-ch"]
[Site "Cartagena"]
[Date "2023.06.08"]
[Round "1"]
[White "Carrillo Parra, Miguel Alfredo"]
[Black "Sepulveda, Uriel Antonio"]
[Result "1-0"]
[WhiteElo "2244"]
[BlackElo "1489"]
[PlyCount "49"]
[EventDate "2023.06.08"]
[EventType "swiss"]
[EventRounds "9"]
[EventCountry "COL"]
[SourceTitle "CBM 215 Extra"]
[Source "ChessBase"]
[SourceDate "2023.09.30"]
[SourceVersion "1"]
[SourceVersionDate "2023.09.30"]
[SourceQuality "1"]

1. d4 d5 2. c4 e6 3. Nc3 Nf6 4. Bg5 Nbd7 5. cxd5 exd5 6. e3 c6 7. Bd3 h6 8. Bh4 Be7 9. Nge2 0-0 10. f3 Nh7 11. Bf2 f5 12. Qc2 Nb6 13. h4 Bd6 14. g4 Qf6 15. 0-0-0 c5 16. dxc5 Bxc5 17. Ng3 d4 18. exd4 Bxd4 19. Nh5 Qe5 20. Rhe1 Qc5 21. Bxd4 Qxd4 22. Re7 Nf6 23. Bxf5 Bxf5 24. Qxf5 Nxh5 25. Qe6+ 1-0

[Event "Sabaneta op-A 1st"]
[Site "Sabaneta"]
[Date "2022.11.29"]
[Round "7"]
[White "Carrillo Parra, Miguel Alfredo"]
[Black "Ardila, Oscar Humberto"]
[Result "1-0"]
[WhiteElo "2239"]
[BlackElo "1997"]
[PlyCount "97"]
[EventDate "2022.11.25"]
[EventType "swiss"]
[EventRounds "10"]
[EventCountry "COL"]
[SourceTitle "CBM 211 Extra"]
[Source "ChessBase"]
[SourceDate "2023.01.31"]
[SourceVersion "1"]
[SourceVersionDate "2023.01.31"]
[SourceQuality "1"]

1. d4 Nf6 2. Nc3 d5 3. Bf4 e6 4. e3 Bd6 5. Bd3 Bxf4 6. exf4 Qd6 7. Nb5 Qb6 8. a4 a5 9. Nf3 c6 10. Nd6+ Ke7 11. Nxc8+ Rxc8 12. 0-0 Kf8 13. Ra3 Na6 14. Rb3 Qc7 15. f5 c5 16. Bxa6 Rxa6 17. fxe6 Rxe6 18. dxc5 Qd7 19. Rb5 Ne4 20. Qd4 Qc7 21. Qxd5 Nxc5 22. Qf5 g6 23. Qh3 h5 24. Ng5 Re5 25. f4 Rf5 26. Qc3 Kg8 27. Qxa5 Qe7 28. Qc3 Re8 29. b3 Qd6 30. Qc4 Qe7 31. h3 h4 32. Nxf7 Qe3+ 33. Kh1 Rxf7 34. Qxc5 Qe2 35. Qf2 Qxf2 36. Rxf2 Re1+ 37. Kh2 Rc7 38. Rg5 Kh7 39. f5 gxf5 40. Rgxf5 Kg6 41. Rf6+ Kg7 42. R6f4 Rc1 43. Rg4+ Kh6 44. Rxh4+ Kg5 45. Rg4+ Kh5 46. Rf8 Rh7 47. Rf5+ Kh6 48. Kg3 Rxc2 49. Kh4 1-0

[Event "Sabaneta op-A 1st"]
[Site "Sabaneta"]
[Date "2022.11.27"]
[Round "4"]
[White "Valderrama Quiceno, Esteban Alberto"]
[Black "Carrillo Parra, Miguel Alfredo"]
[Result "1/2-1/2"]
[WhiteElo "2439"]
[BlackElo "2239"]
[PlyCount "115"]
[EventDate "2022.11.25"]
[EventType "swiss"]
[EventRounds "10"]
[EventCountry "COL"]
[SourceTitle "CBM 211 Extra"]
[Source "ChessBase"]
[SourceDate "2023.01.31"]
[SourceVersion "1"]
[SourceVersionDate "2023.01.31"]
[SourceQuality "1"]

1. c4 e6 2. g3 d5 3. Bg2 Nf6 4. Nf3 dxc4 5. 0-0 a6 6. a4 Nc6 7. Na3 Na5 8. Qc2 Qd5 9. Rd1 Bd7 10. d4 Qf5 11. Ne5 Qxc2 12. Nxc2 Nd5 13. e4 Nb4 14. Nxb4 Bxb4 15. Be3 f6 16. Nxd7 Kxd7 17. Bh3 Ke7 18. Bf4 Nb3 19. Rab1 Rhd8 20. d5 e5 21. Be3 Bc5 22. Bd2 b5 23. Bc3 Rd6 24. Kg2 b4 25. Be1 Rb8 26. Rdc1 Nxc1 27. Rxc1 c3 28. bxc3 b3 29. Rb1 b2 30. Bg4 Rdb6 31. Bd1 Kd6 32. Kf3 c6 33. dxc6 Kxc6 34. Ke2 Rd8 35. Bc2 Ba3 36. Bd3 Kc5 37. Bd2 Rxd3 38. Kxd3 Rd6+ 39. Kc2 Kc4 40. f4 Rb6 41. g4 Rb7 42. h4 Rd7 43. Rf1 Rb7 44. Rb1 Re7 45. Re1 g6 46. f5 gxf5 47. exf5 Rb7 48. g5 fxg5 49. hxg5 Bf8 50. Kb1 Kd3 51. Be3 Kxc3 52. Bf2 Bd6 53. Bg3 Kb3 54. Bxe5 Re7 55. Re3+ Kxa4 56. Bd4 Rxe3 57. Bxe3 Kb3 58. g6 1/2-1/2

[Event "Medellin Raza Cup"]
[Site "Medellin"]
[Date "2022.10.23"]
[Round "9"]
[White "Carrillo Parra, Miguel Alfredo"]
[Black "Malka, Samuel"]
[Result "0-1"]
[WhiteElo "2245"]
[BlackElo "2256"]
[PlyCount "74"]
[EventDate "2022.10.19"]
[EventType "swiss"]
[EventRounds "10"]
[EventCountry "COL"]
[SourceTitle "EXT 2024"]
[Source "ChessBase"]
[SourceDate "2023.10.10"]
[SourceVersion "1"]
[SourceVersionDate "2023.10.10"]
[SourceQuality "1"]

1. d4 Nf6 2. c4 e6 3. Nc3 Bb4 4. Qc2 b6 5. e4 c5 6. a3 Bxc3+ 7. bxc3 Bb7 8. e5 Ng8 9. Nf3 Bxf3 10. gxf3 Qh4 11. f4 Nc6 12. Bg2 Rc8 13. Be3 Nge7 14. 0-0 0-0 15. dxc5 bxc5 16. Bxc5 Qxf4 17. Qe4 Qxe4 18. Bxe4 Rfe8 19. Bd6 Na5 20. c5 Nb3 21. Bb7 Rb8 22. c6 dxc6 23. Bxb8 Rxb8 24. Rad1 Nc5 25. Rb1 Nxb7 26. Rfd1 Nd5 27. c4 Nb6 28. a4 g5 29. a5 Nxa5 30. c5 Nac4 31. cxb6 axb6 32. Rd7 Nxe5 33. Rc7 Kg7 34. Kg2 Kf6 35. Rf1 g4 36. Rb1 h5 37. Ra7 b5 0-1

[Event "Medellin Raza Cup"]
[Site "Medellin"]
[Date "2022.10.23"]
[Round "10"]
[White "Chirivi Castiblanco, Jenny Astrid"]
[Black "Carrillo Parra, Miguel Alfredo"]
[Result "1/2-1/2"]
[WhiteElo "2107"]
[BlackElo "2245"]
[PlyCount "107"]
[EventDate "2022.10.19"]
[EventType "swiss"]
[EventRounds "10"]
[EventCountry "COL"]
[SourceTitle "EXT 2024"]
[Source "ChessBase"]
[SourceDate "2023.10.10"]
[SourceVersion "1"]
[SourceVersionDate "2023.10.10"]
[SourceQuality "1"]

1. d4 d5 2. c4 e6 3. Nc3 c6 4. Nf3 dxc4 5. a4 Bb4 6. g3 b5 7. Bg2 Bb7 8. 0-0 a6 9. Ne5 Nf6 10. axb5 axb5 11. Rxa8 Bxa8 12. Nxb5 cxb5 13. Bxa8 0-0 14. Bg2 Qb6 15. e4 Bd6 16. Be3 Qb7 17. Ng4 Nxe4 18. Nf6+ gxf6 19. Qg4+ Kh8 20. Bxe4 f5 21. Qxf5 exf5 22. Bxb7 f4 23. gxf4 Re8 24. Ra1 Kg7 25. Bd5 Rc8 26. Ra7 Rc7 27. Rxc7 Bxc7 28. Bd2 Bb6 29. Bc3 Bc7 30. f5 Bd6 31. Bd2 Na6 32. Ba5 Nc7 33. Bxc7 Bxc7 34. Bc6 b4 35. Bb5 c3 36. bxc3 bxc3 37. Bd3 Bb6 38. f6+ Kxf6 39. Bxh7 Bxd4 40. Bc2 Ke5 41. Kg2 Kf4 42. h3 Bf6 43. Kf1 Kf3 44. Bd1+ Ke4 45. Ke2 Bg5 46. Bc2+ Kd4 47. Bb3 f6 48. Bc2 Bh4 49. f4 Bg3 50. Kf3 Be1 51. Ke2 Bg3 52. Kf3 Be1 53. Ke2 Bg3 54. Kf3 1/2-1/2

[Event "Medellin Raza Cup"]
[Site "Medellin"]
[Date "2022.10.19"]
[Round "2"]
[White "Carrillo Parra, Miguel Alfredo"]
[Black "Avila Pavas, Santiago"]
[Result "0-1"]
[WhiteElo "2245"]
[BlackElo "2460"]
[PlyCount "120"]
[EventDate "2022.10.19"]
[EventType "swiss"]
[EventRounds "10"]
[EventCountry "COL"]
[SourceTitle "EXT 2024"]
[Source "ChessBase"]
[SourceDate "2023.10.10"]
[SourceVersion "1"]
[SourceVersionDate "2023.10.10"]
[SourceQuality "1"]

1. d4 Nf6 2. Nf3 g6 3. b4 Bg7 4. Bb2 0-0 5. Nbd2 d6 6. e3 c5 7. dxc5 dxc5 8. b5 Qa5 9. Bd3 Be6 10. 0-0 c4 11. Nxc4 Qxb5 12. Nd4 Qd5 13. e4 Qc5 14. Nxe6 fxe6 15. Rb1 Nc6 16. Ba3 Qd4 17. Rxb7 Nxe4 18. Qe2 Nc5 19. Bxc5 Qxc5 20. Rc7 Qd5 21. Qe4 Rac8 22. Rxc8 Rxc8 23. Ne3 Qxe4 24. Bxe4 Nd4 25. Bd3 Rc3 26. Rb1 Kf7 27. h4 h5 28. Rb7 a5 29. Ra7 Nc6 30. Rc7 Nb4 31. Rxc3 Bxc3 32. a4 Nxd3 33. cxd3 Kf6 34. Kf1 Ke5 35. Ke2 Bb4 36. Nc2 Bc5 37. g3 Kd5 38. f4 e5 39. fxe5 Kxe5 40. Kf3 Bd6 41. g4 Kd5 42. gxh5 gxh5 43. Kg2 e6 44. Kf2 Be7 45. Kg3 Bd8 46. Kh3 Be7 47. Kg3 Ke5 48. Kh3 Bd8 49. Kg3 Bf6 50. Kh3 Kf4 51. Kg2 Bxh4 52. Nd4 e5 53. Nc6 Be1 54. d4 e4 55. d5 e3 56. d6 Bh4 57. Nd4 Ke4 58. Nf3 Bf6 59. d7 h4 60. Ne1 Bd8 0-1

[Event "Pereira Fiestas de la Cosecha"]
[Site "Pereira"]
[Date "2022.08.25"]
[Round "4"]
[White "Vanegas, Josue"]
[Black "Carrillo Parra, Miguel Alfredo"]
[Result "0-1"]
[WhiteElo "1805"]
[BlackElo "2191"]
[PlyCount "80"]
[EventDate "2022.08.24"]
[EventType "swiss"]
[EventRounds "10"]
[EventCountry "COL"]
[SourceTitle "CBM 210 Extra"]
[Source "ChessBase"]
[SourceDate "2022.11.30"]
[SourceVersion "1"]
[SourceVersionDate "2022.11.30"]
[SourceQuality "1"]

1. d4 d5 2. c4 e6 3. Nf3 c6 4. Qc2 Nf6 5. g3 dxc4 6. Qxc4 b5 7. Qd3 Bb7 8. Bg2 a6 9. a4 c5 10. dxc5 Qxd3 11. exd3 Bxc5 12. axb5 0-0 13. Be3 Nbd7 14. d4 Bb4+ 15. Nc3 axb5 16. 0-0 Bc6 17. Ne5 Bxg2 18. Kxg2 Bxc3 19. bxc3 Nb6 20. Rxa8 Rxa8 21. Rb1 Nfd5 22. Rxb5 Nxe3+ 23. fxe3 Nd5 24. Rb7 f6 25. Nc6 Nxe3+ 26. Kf3 Nf1 27. Kg2 Ne3+ 28. Kf3 Nd1 29. c4 Ra2 30. Nd8 f5 31. g4 Rf2+ 32. Kg3 f4+ 33. Kh4 h6 34. Kh5 Kh7 35. h4 Re2 36. d5 exd5 37. cxd5 f3 38. Ne6 Rxe6 39. dxe6 f2 40. Rf7 f1Q 0-1

[Event "COL-ch"]
[Site "Boyaca"]
[Date "2022.08.17"]
[Round "1"]
[White "Suaza Builes, Oscar A"]
[Black "Carrillo Parra, Miguel Alfredo"]
[Result "0-1"]
[WhiteElo "1434"]
[BlackElo "2191"]
[PlyCount "84"]
[EventDate "2022.08.17"]
[EventType "swiss"]
[EventRounds "9"]
[EventCountry "COL"]
[SourceTitle "CBM 210 Extra"]
[Source "ChessBase"]
[SourceDate "2022.11.30"]
[SourceVersion "1"]
[SourceVersionDate "2022.11.30"]
[SourceQuality "1"]

1. d4 Nf6 2. Bf4 c5 3. e3 g6 4. Nc3 Bg7 5. Qd2 0-0 6. Be2 a6 7. h4 h5 8. e4 cxd4 9. Qxd4 Nc6 10. Qd2 Qa5 11. Bh6 Nxe4 12. Nxe4 Bxh6 13. Qxa5 Nxa5 14. Nf3 d5 15. Nc3 e6 16. Ne5 b5 17. g4 hxg4 18. Nxg4 Bg7 19. h5 f5 20. Nh2 gxh5 21. Bxh5 Nc4 22. 0-0-0 b4 23. Na4 Bd7 24. Nc3 Bc8 25. Na4 Bd7 26. Rdg1 Bxa4 27. b3 Rac8 28. bxa4 Na3 29. Bd1 Rc3 30. Nf3 Nxc2 31. Bxc2 Rxf3 32. Rg6 Rxf2 33. Bb3 Kf7 34. Rhg1 Bd4 35. R1g3 Rc8+ 36. Kd1 f4 37. R3g4 Be3 38. Rg7+ Kf6 39. Ke1 Rc1+ 40. Bd1 Rd2 41. R7g6+ Ke5 42. R4g5+ Kd4 0-1

[Event "Pereira Gildardo Garcia Memorial-A"]
[Site "Pereira"]
[Date "2022.05.22"]
[Round "9"]
[White "Carrillo Parra, Miguel Alfredo"]
[Black "Mitkov, Nikola"]
[Result "0-1"]
[WhiteElo "2185"]
[BlackElo "2509"]
[PlyCount "92"]
[EventDate "2022.05.18"]
[EventType "swiss"]
[EventRounds "10"]
[EventCountry "COL"]
[SourceTitle "CBM 208 Extra"]
[Source "ChessBase"]
[SourceDate "2022.07.31"]
[SourceVersion "1"]
[SourceVersionDate "2022.07.31"]
[SourceQuality "1"]

1. d4 d5 2. c4 e6 3. Nc3 Bb4 4. Qa4+ Nc6 5. e3 Nge7 6. Nf3 0-0 7. Bd2 a5 8. Qc2 b6 9. Rc1 Ba6 10. cxd5 Bxf1 11. Kxf1 exd5 12. Ng5 g6 13. h4 h6 14. Nf3 Kg7 15. Qb3 Nb8 16. a3 Bxc3 17. Rxc3 Nd7 18. g3 Nf6 19. Qc2 Ra7 20. Ne5 Ne4 21. Nc6 Nxc6 22. Rxc6 Qd7 23. Be1 Nc5 24. Rxc5 bxc5 25. dxc5 d4 26. Qd3 c6 27. Qxd4+ Qxd4 28. exd4 Re8 29. Bc3 f6 30. a4 Kf7 31. Kg2 Re4 32. Ra1 Ke6 33. Ra3 Rb7 34. Kf3 Kd5 35. Ra2 g5 36. Bxa5 g4+ 37. Kg2 Rxd4 38. Bc3 Rd1 39. a5 Kxc5 40. Bxf6 Kb5 41. Ra3 Ka6 42. h5 Rb4 43. Re3 Rc4 44. Bc3 Rd5 45. Re6 Rxh5 46. Rxc6+ Rxc6 0-1